Report highlights policy deficiency (Record no. 117365)
[ view plain ]
| 000 -LEADER | |
|---|---|
| fixed length control field | 01193cam a2200229 4500 |
| 001 - CONTROL NUMBER | |
| control field | WB4019-17 |
| 008 - FIXED-LENGTH DATA ELEMENTS--GENERAL INFORMATION | |
| fixed length control field | 040518n2004 000 0 eng u |
| 035 ## - SYSTEM CONTROL NUMBER | |
| System control number | (Sirsi) u126222 |
| 245 ## - TITLE STATEMENT | |
| Title | Report highlights policy deficiency |
| 260 ## - PUBLICATION, DISTRIBUTION, ETC. | |
| Date of publication, distribution, etc. | 2004 |
| 490 ## - SERIES STATEMENT | |
| Series statement | Planning (for the Natural and Built Environment) |
| Volume/sequential designation | (1569) 14 May 2004, 5(1) |
| 520 ## - SUMMARY, ETC. | |
| Summary, etc. | Research by the Centre for Local Economic Strategies (CLES) think tank, 'Disability and regeneration agenda: making the links, suggests that disabled people could become more involved in regeneration. The paper identifies barriers that prevent the inclusion of disabled people in regeneration initiatives and policy. Argues that the Single Regeneration Budget and wider regeneration policy require greater recognition of the role that disabled people can play in renewal. For the report: http://www.cles.org.uk/document_store/%7B4EE4F3BA- 2921-4DE5-8B2C-083628FCC95D%7D.pdf |
| 590 ## - LOCAL NOTE (RLIN) | |
| Local note | WB |
| 590 ## - LOCAL NOTE (RLIN) | |
| Local note | WB |
| 650 ## - SUBJECT ADDED ENTRY--TOPICAL TERM | |
| Topical term or geographic name entry element | REGENERATION |
| 650 ## - SUBJECT ADDED ENTRY--TOPICAL TERM | |
| Topical term or geographic name entry element | DISABLED PEOPLE |
| 650 ## - SUBJECT ADDED ENTRY--TOPICAL TERM | |
| Topical term or geographic name entry element | CENTRE FOR LOCAL ECONOMIC STRATEGIES |
| 650 ## - SUBJECT ADDED ENTRY--TOPICAL TERM | |
| Topical term or geographic name entry element | SINGLE REGENERATION BUDGET |
| 650 ## - SUBJECT ADDED ENTRY--TOPICAL TERM | |
| Topical term or geographic name entry element | SOCIAL EXCLUSION |
| 690 ## - LOCAL SUBJECT ADDED ENTRY--TOPICAL TERM (OCLC, RLIN) | |
| Topical term or geographic name as entry element | REGENERATION |
| 942 ## - ADDED ENTRY ELEMENTS (KOHA) | |
| Suppress in OPAC | 0 |
| Withdrawn status | Lost status | Source of classification or shelving scheme | Damaged status | Not for loan | Home library | Current library | Shelving location | Date acquired | Total Checkouts | Full call number | Barcode | Date last seen | Copy number | Price effective from | Koha item type |
|---|---|---|---|---|---|---|---|---|---|---|---|---|---|---|---|
| Dewey Decimal Classification | London | London | News article | 18/05/2004 | WB4019-17 | 126222-1001 | 06/08/2019 | 1 | 06/08/2019 | News article |